Statistiques concernant Pays organisateurs du Championnat du monde d'athlétisme

Cliquez ici pour prendre le quiz!

Statistiques générales

  • Ce quiz a été pris 123 fois
  • Le résultat moyen est 16 sur 18

Statistiques - réponses

AnnéePays organisateurs% Correct
2003France (Paris / Saint-Denis)
98%
2021Etats-Unis (Eugene)
97%
2009Allemagne (Berlin)
95%
1993Allemagne (Stuttgart)
95%
2015Chine (Pékin)
95%
2017Royaume-Uni (Londres)
95%
2007Japon (Osaka)
94%
1991Japon (Tokyo)
94%
1999Espagne (Séville)
93%
2001Canada (Edmonton)
90%
1987Italie (Rome)
90%
2013Russie (Moscou)
88%
1995Suède (Göteborg)
80%
2011Corée du Sud (Daegu)
77%
2019Qatar (Doha)
73%
1983Finlande (Helsinki)
69%
2005Finlande (Helsinki)
69%
1997Grèce (Athènes)
66%

Distribution des résultats

Percentile par nombre de réponses

% des personnes avec chaque résultat

Votre développement - résultats

Vous n’avez pas pris ce quiz